[Event "Capablanca Memorial"]
[Site "SchemingMind.com"]
[Date "2013.11.10"]
[Round "-"]
[White "Till Plewe"]
[Black "jrsanpedro"]
[Result "1/2-1/2"]
[WhiteCountry "JPN"]
[BlackCountry "ARG"]
[WhiteElo "2344"]
[WhiteRD "72"]
[BlackElo "2160"]
[BlackRD "73"]
[GameID "341651"]

1. e4 c5 2. Nf3 d6 3. d4 cxd4 4. Nxd4 Nf6 5. Nc3 a6 6. Be3 Ng4 7. Bg5 h6 8. Bh4 g5 9. Bg3 Bg7 10. h3 Ne5
11. Nf5 Bxf5 12. exf5 Nbc6 13. Nd5 e6 14. fxe6 fxe6 15. Ne3 Qa5+ 16. c3 Nf3+ 17. Qxf3 Bxc3+ 18. Kd1 Bxb2 19. Qe4 Bxa1 20. Qxe6+ Ne7
21. Bxd6 Qa4+ 22. Nc2 Qd7 23. Qxe7+ Qxe7 24. Bxe7 Kxe7 25. Nxa1 Rhf8 26. f3 Rfd8+ 27. Kc1 Rac8+ 28. Nc2 Rc3 29. Be2 Rdc8 30. Bd1 Rd3
31. Re1+ Kf6 32. Re4 b5 33. a4 Rc5 34. axb5 axb5 35. Rb4 Ke5 36. h4 Kf6 37. hxg5+ hxg5 38. Rb2 Re5 39. Nb4 Rd4 40. Nc6 Rc4+=
41. Rc2 Rec5 42. Nb4 Rxc2+ 43. Bxc2 Rc4 44. Nd3 g4= 45. f4 b4 46. Kd2 g3 47. Bb3 Re4 48. Bg8 Re8 49. Bd5 Kf5 50. Nxb4 Kxf4
51. Nd3+ Kf5=
1/2-1/2

[Event "Capablanca Memorial"]
[Site "SchemingMind.com"]
[Date "2013.11.10"]
[Round "-"]
[White "jrsanpedro"]
[Black "Till Plewe"]
[Result "1/2-1/2"]
[WhiteCountry "ARG"]
[BlackCountry "JPN"]
[WhiteElo "2153"]
[WhiteRD "70"]
[BlackElo "2368"]
[BlackRD "71"]
[GameID "341653"]

1. e4 c5 2. Nf3 d6 3. d4 cxd4 4. Nxd4 Nf6 5. Nc3 a6 6. f3 e5 7. Nb3 Be6 8. Be3 h5 9. Qd2 Nbd7 10. Nd5 Bxd5
11. exd5 g6 12. Be2 Qc7 13. c4 a5 14. a4 b6 15. O-O Bg7 16. Rae1 O-O 17. Bd3 Nc5 18. Nxc5 bxc5 19. Bc2 Nh7 20. b3 f5
21. Qf2 g5 22. Qe2 Bh6= 23. f4 gxf4 24. Qxh5 Qg7 25. Bc1 Qg5 26. Qxg5+ Bxg5 27. Bd2=
1/2-1/2

[Event "Capablanca Memorial"]
[Site "SchemingMind.com"]
[Date "2013.11.12"]
[Round "-"]
[White "chesshub"]
[Black "Mariazb"]
[Result "1-0"]
[WhiteCountry "FRA"]
[BlackCountry "ARG"]
[WhiteElo "2449"]
[WhiteRD "74"]
[BlackElo "2333"]
[BlackRD "96"]
[GameID "341714"]

1. e4 c5 2. Nf3 d6 3. d4 cxd4 4. Nxd4 Nf6 5. Nc3 a6 6. Be3 e5 7. Nb3 Be6 8. f3 Be7 9. Qd2 O-O 10. O-O-O Nbd7
11. g4 b5 12. g5 b4 13. Ne2 Ne8 14. f4 a5 15. Kb1 a4 16. Nbc1 exf4 17. Bxf4 Nc5 18. Qe3 b3 19. cxb3 axb3 20. a3 Nc7
21. Nd4 Qd7 22. h4 d5 23. Nxe6 N7xe6 24. Be5 d4 25. Bxd4 Rfc8 26. Bc4 Na4 27. Be5 Qc6 28. Bxb3 Nb6 29. Qf3 Nc4 30. Bxc4 Qxc4
31. Rhf1 Rf8 32. Nb3 Ra4 33. Rfe1 f6 34. gxf6 Bxf6 35. Bxf6 Rxf6 36. Qg3 Ra8 37. Rd6 Rc8 38. Nd4 Rg6 39. Qe5 Nxd4 40. Rxd4 Qc2+
41. Ka2 h6 42. Red1 Rf8 43. R1d2 Qc8 44. Qd5+ Kh7 45. e5 h5 46. Re4 Qe6 47. Qxe6 Rxe6 48. Rd6 Rfe8 49. Rxe6 Rxe6 50. b4
1-0

[Event "Capablanca Memorial"]
[Site "SchemingMind.com"]
[Date "2013.11.12"]
[Round "-"]
[White "The Chess Machine"]
[Black "Ezedoke"]
[Result "1/2-1/2"]
[WhiteCountry "ENG"]
[BlackCountry "ARG"]
[WhiteElo "2466"]
[WhiteRD "92"]
[BlackElo "2527"]
[BlackRD "78"]
[GameID "341715"]

1. d4 d5 2. Nf3 Nf6 3. c4 c6 4. Nc3 e6 5. Bg5 h6 6. Bxf6 Qxf6 7. e3 Nd7 8. Bd3 dxc4 9. Bxc4 g6 10. O-O Bg7
11. Re1 O-O 12. e4 e5 13. d5 Rd8 14. h3 Nc5 15. Qe2 a5 16. Rac1 Bf8 17. Qe3 b5 18. Bf1 b4 19. Nd1 Qd6 20. dxc6 Be6
21. Bc4 Bxc4 22. Rxc4 Rac8 23. b3 a4 24. bxa4 Rxc6 25. Nb2 Nxa4 26. Rxc6 Qxc6 27. Nxe5 Qe6 28. Nxf7 Qxf7 29. Nxa4 Qxa2 30. Nb6 b3
31. Nd5 b2 32. Qb6 Rd6 33. Qb7 Qa1 34. Rf1 Qc1 35. Qb3 Kg7 36. Qb7+ Kg8 37. Qb3 Kg7 38. Qb7+=
1/2-1/2

[Event "Capablanca Memorial"]
[Site "SchemingMind.com"]
[Date "2013.11.13"]
[Round "-"]
[White "John Hamer"]
[Black "Jari Laine"]
[Result "0-1"]
[WhiteCountry "ENG"]
[BlackCountry "FIN"]
[WhiteElo "2079"]
[WhiteRD "70"]
[BlackElo "2388"]
[BlackRD "73"]
[GameID "341716"]

1. d4 Nf6 2. Nf3 g6 3. c4 Bg7 4. Nc3 d5 5. Qb3 dxc4 6. Qxc4 O-O 7. e4 Nc6 8. Bf4 Bg4 9. d5 Na5 10. Qb4 c6
11. dxc6 Nxc6 12. Qxb7 Bxf3 13. gxf3 Nh5 14. Be3 Qa5 15. Rc1 Nd4 16. Bxd4 Bxd4 17. Qa6 Qe5 18. Rc2 Rab8 19. Nd1 Nf4 20. Rg1 Rfd8
21. Qa3= Bb6 22. b4 Qd4 23. Be2 Ba5 24. bxa5 Rb1
0-1

[Event "Capablanca Memorial"]
[Site "SchemingMind.com"]
[Date "2013.11.12"]
[Round "-"]
[White "Mariazb"]
[Black "chesshub"]
[Result "1-0"]
[WhiteCountry "ARG"]
[BlackCountry "FRA"]
[WhiteElo "2333"]
[WhiteRD "96"]
[BlackElo "2449"]
[BlackRD "74"]
[GameID "341721"]

1. b3 e5 2. Bb2 Nc6 3. e3 Nf6 4. Bb5 Bd6 5. Na3 Na5 6. Nf3 a6 7. Be2 Qe7 8. Nb1 O-O 9. c4 b6 10. d3 e4
11. dxe4 Nxe4 12. Nc3 Bb4 13. Qc2 Nb7 14. Nd2 Bxc3 15. Bxc3 Nbd6 16. Bb4 c5 17. Ba3 Bb7 18. Nxe4 Nxe4 19. O-O Qg5 20. Bf3 Rfe8
21. Rad1 Bc6 22. Bb2 Rab8 23. Rfe1 b5 24. Qe2 bxc4 25. bxc4 Rb4 26. Ba1 Qg6 27. Bg4 Nd6 28. f3 f5 29. Rxd6 Qxd6 30. Bxf5 Rf8
31. Bc2 Re8 32. Bc3 Rb7 33. Bf5 Reb8 34. Qc2 Qh6 35. e4 Qh4 36. Rd1 Qf4 37. Qd3 g6 38. Bh3 h5 39. g3 Qh6 40. Kg2 Qg5
41. Kf2 h4 42. f4 Qh5 43. Qd6 Rf8 44. Rg1 a5 45. Bf5 Rxf5 46. g4 Rxf4+ 47. Qxf4 Qh7 48. Ke3 Qe7 49. Rd1 d5 50. cxd5 Ba4
51. Rf1 Qe8 52. Qh6 Rh7 53. Qg5
1-0

[Event "Capablanca Memorial"]
[Site "SchemingMind.com"]
[Date "2013.11.12"]
[Round "-"]
[White "Ezedoke"]
[Black "The Chess Machine"]
[Result "1/2-1/2"]
[WhiteCountry "ARG"]
[BlackCountry "ENG"]
[WhiteElo "2527"]
[WhiteRD "78"]
[BlackElo "2466"]
[BlackRD "92"]
[GameID "341722"]

1. e4 e5 2. Nf3 Nc6 3. Bb5 Nf6 4. O-O Nxe4 5. d4 Nd6 6. Bxc6 dxc6 7. dxe5 Nf5 8. Qxd8+ Kxd8 9. Nc3 Ke8 10. Rd1 Ne7
11. h3 Ng6 12. b3 Be7 13. Ne2 f6 14. Bb2 Kf7 15. Ng3 h5 16. Re1 a5 17. a4 h4 18. Ne4 Rh5 19. exf6 gxf6 20. Re3 Be6
21. Rae1 Bd5 22. Nfd2 Rd8 23. c4 Bxe4 24. Nxe4 Rf5 25. g3 Bb4 26. R1e2 Rd1+ 27. Kg2 b6 28. Rc2 hxg3 29. fxg3 Rff1 30. h4 Bd6
31. Nf2 Rg1+ 32. Kh3 Rdf1 33. h5 Ne5 34. Bxe5 Bxe5 35. Rd2=
1/2-1/2

[Event "Capablanca Memorial"]
[Site "SchemingMind.com"]
[Date "2013.11.13"]
[Round "-"]
[White "Jari Laine"]
[Black "John Hamer"]
[Result "1-0"]
[WhiteCountry "FIN"]
[BlackCountry "ENG"]
[WhiteElo "2388"]
[WhiteRD "73"]
[BlackElo "2079"]
[BlackRD "70"]
[GameID "341723"]

1. d4 d5 2. Nf3 Nf6 3. c4 e6 4. Nc3 Bb4 5. Qb3 c5 6. dxc5 Nc6 7. Bg5 d4 8. O-O-O Bxc5 9. e3 O-O 10. Ne4 Be7
11. Nxd4 Nxd4 12. Rxd4 Nd7 13. Bxe7 Qxe7 14. Be2 e5 15. Rd2 f5 16. Nd6 Nc5 17. Qc3 b6 18. Rhd1 Ne4 19. Nxe4 fxe4 20. c5 Be6
21. c6
1-0

[Event "Capablanca Memorial"]
[Site "SchemingMind.com"]
[Date "2013.11.12"]
[Round "-"]
[White "GBEDARD"]
[Black "Derek Price"]
[Result "0-1"]
[WhiteCountry "USA"]
[BlackCountry "ENG"]
[WhiteElo "2160"]
[WhiteRD "75"]
[BlackElo "2343"]
[BlackRD "80"]
[GameID "341758"]

1. e4 c5 2. Nf3 d6 3. d4 cxd4 4. Nxd4 Nf6 5. Nc3 a6 6. Be3 e6 7. f3 b5 8. Qd2 Nbd7 9. g4 b4 10. Nce2 h6
11. O-O-O Qc7 12. Bg2 Ne5 13. Bf2 Nc4 14. Qd3 Bd7 15. h4 Rc8 16. Kb1 e5 17. Nf5 Bb5 18. Qb3 Na5 19. Qxb4 Qxc2+ 20. Ka1 Bxe2
21. Ne3 Qc7 22. Rde1 Bb5 23. Qd2 Nc4 24. Nxc4 Qxc4 25. Rc1 Qe6 26. Rxc8+ Qxc8 27. Bf1 Bxf1 28. Rxf1 Be7 29. Rc1 Qb7 30. Be3 Nd7
31. Kb1 O-O 32. g5 hxg5 33. hxg5 Rb8 34. Rh1 f5 35. gxf6 Nxf6 36. Qh2 Qb5 37. Ka1 Kf7 38. Bc1 Qd3 39. Qg3 Nxe4 40. Qg2 Nc3
41. Bg5 Qc4 42. b3 Rxb3 43. Bh6 Bf6 44. Rg1 Ra3 45. Qxg7+ Bxg7
0-1

[Event "Capablanca Memorial"]
[Site "SchemingMind.com"]
[Date "2013.11.15"]
[Round "-"]
[White "Patjanka"]
[Black "harsh"]
[Result "1-0"]
[WhiteCountry "DEN"]
[BlackCountry "IND"]
[WhiteElo "2414"]
[WhiteRD "92"]
[BlackElo "2174"]
[BlackRD "86"]
[GameID "341759"]

1. d4 Nf6 2. c4 c5 3. d5 e6 4. Nc3 exd5 5. cxd5 d6 6. e4 g6 7. Bd3 Bg7 8. h3 O-O 9. Bg5 Re8 10. Nf3 h6
11. Be3 a6 12. a4 Nbd7 13. O-O Qc7 14. Qd2 c4 15. Bc2 Nc5 16. Bxh6 Ncxe4 17. Nxe4 Nxe4 18. Bxe4 Rxe4 19. Bxg7 Kxg7 20. Rfe1 Rxe1+
21. Rxe1 Bf5 22. Qd4+ Kg8 23. Qf6 Rf8 24. Re7 Qc5 25. Ng5 Qxd5 26. g4 Bc2 27. Nxf7 Qxf7 28. Rxf7 Rxf7 29. Qxd6 Kh7 30. a5 Bd3
31. b3 Rg7 32. f4 Be2 33. Qe6 Bd3 34. bxc4
1-0

[Event "Capablanca Memorial"]
[Site "SchemingMind.com"]
[Date "2013.11.12"]
[Round "-"]
[White "Derek Price"]
[Black "GBEDARD"]
[Result "1-0"]
[WhiteCountry "ENG"]
[BlackCountry "USA"]
[WhiteElo "2357"]
[WhiteRD "79"]
[BlackElo "2146"]
[BlackRD "73"]
[GameID "341768"]

1. e4 d6 2. d4 Nf6 3. Nc3 g6 4. Be3 Bg7 5. Qd2 c6 6. f3 b5 7. g4 h5 8. g5 Nfd7 9. f4 Nb6 10. Nf3 Bg4
11. Nh4 d5 12. h3 b4 13. Nxd5 cxd5 14. hxg4 hxg4 15. Bb5+ N8d7 16. O-O-O dxe4 17. d5 a6 18. Bxd7+ Nxd7 19. Bd4 Rg8 20. Bxg7 Rxg7
21. d6 Rh7 22. Nf5 Nf8 23. Qd5 Rb8 24. Rxh7 Nxh7 25. Qc6+ Kf8 26. dxe7+
1-0

[Event "Capablanca Memorial"]
[Site "SchemingMind.com"]
[Date "2013.11.15"]
[Round "-"]
[White "harsh"]
[Black "Patjanka"]
[Result "1-0"]
[WhiteCountry "IND"]
[BlackCountry "DEN"]
[WhiteElo "2174"]
[WhiteRD "86"]
[BlackElo "2414"]
[BlackRD "92"]
[GameID "341769"]

1. d4 c5 2. d5 Nf6 3. c4 e6 4. Nc3 exd5 5. cxd5 d6 6. g3 g6 7. Bg2 Bg7 8. Nf3 O-O 9. O-O Re8 10. Nd2 a6
11. a4 Nbd7 12. Nc4 Ne5 13. Na3 Rb8 14. e4 c4 15. f4 Nd3 16. Nxc4 Nxc1 17. Rxc1 b5 18. Qb3 Bg4 19. axb5 axb5 20. Nd2 Nd7
21. h3 Nc5 22. Qc2 Bd7 23. Nb3 Qb6 24. Nxc5 Qxc5+ 25. Kh1 b4 26. Nd1 Qd4 27. Qb3 Rbc8 28. Rxc8
1-0

[Event "Capablanca Memorial"]
[Site "SchemingMind.com"]
[Date "2013.11.24"]
[Round "-"]
[White "Ebanon "]
[Black "Adrian Grajczak"]
[Result "1-0"]
[WhiteCountry "ESP"]
[BlackCountry "POL"]
[WhiteElo "2398"]
[WhiteRD "67"]
[BlackElo "2094"]
[BlackRD "77"]
[GameID "342331"]

1. e4 c5 2. Nf3 Nc6 3. d4 cxd4 4. Nxd4 Nf6 5. Nc3 e6 6. Ndb5 Bb4 7. a3 Bxc3+ 8. Nxc3 d5 9. exd5 exd5 10. Bd3 O-O
11. O-O Bg4 12. f3 Be6 13. Re1 h6 14. b4 a6 15. Bb2 Re8 16. Qd2 Nd7 17. f4 Nb6 18. Qf2 d4 19. Ne2 Na4 20. Bxd4 Nxd4
21. Nxd4 Bd5 22. Rxe8+ Qxe8 23. Re1 Qd8 24. c4 Bc6 25. Bc2 Nb2 26. Nxc6 bxc6 27. Qe3
1-0

[Event "Capablanca Memorial"]
[Site "SchemingMind.com"]
[Date "2013.11.24"]
[Round "-"]
[White "Adrian Grajczak"]
[Black "Ebanon "]
[Result "1/2-1/2"]
[WhiteCountry "POL"]
[BlackCountry "ESP"]
[WhiteElo "2100"]
[WhiteRD "82"]
[BlackElo "2354"]
[BlackRD "65"]
[GameID "342335"]

1. e4 c5 2. Nf3 d6 3. d4 cxd4 4. Nxd4 Nf6 5. Nc3 a6 6. Be3 e5 7. Nb3 Be7 8. f3 Be6 9. Qd2 h5 10. Nd5 Nxd5
11. exd5 Bf5 12. Be2 O-O 13. O-O Bh7 14. f4 Nd7 15. Bxh5 Bf6 16. f5 e4 17. c3 Re8 18. Rad1 Rc8 19. Bg4 Nb6 20. Qf2 Nc4
21. Nc1 Nxe3 22. Qxe3 Bg5 23. Qe2 Qb6+ 24. Kh1 Bf6 25. Nb3 Re5 26. Rf4 Rce8 27. g3 Bg5 28. Rff1 e3 29. h4 Bf6 30. Rf4 Qc7
31. Kg2 Bd8=
1/2-1/2

[Event "Capablanca Memorial"]
[Site "SchemingMind.com"]
[Date "2013.11.30"]
[Round "-"]
[White "Buckaroo Bob"]
[Black "mi_di"]
[Result "1-0"]
[WhiteCountry "USA"]
[BlackCountry "MEX"]
[WhiteElo "2359"]
[WhiteRD "90"]
[BlackElo "2385"]
[BlackRD "106"]
[GameID "342577"]

1. d4 d5 2. Nf3 Nf6 3. c4 c6 4. e3 Bf5 5. Nc3 e6 6. Nh4 Bg6 7. Nxg6 hxg6 8. Bd2 Nbd7 9. Rc1 Bd6 10. g3 Qe7
11. Qb3 Rb8 12. Bg2 O-O 13. cxd5 exd5 14. O-O Rfe8 15. f3 Bc7 16. Bh3 Qd8 17. Qc2 Nb6 18. b3 Nh7 19. Kh1 Bd6 20. e4 dxe4
21. fxe4 Ba3 22. Rcd1 Qxd4 23. Bf4 Qc5 24. Bxb8 Rxb8 25. Qd2 Qe7 26. Qf4 Re8 27. Bg2 Nf6 28. Rd3
1-0

[Event "Capablanca Memorial"]
[Site "SchemingMind.com"]
[Date "2013.11.30"]
[Round "-"]
[White "mi_di"]
[Black "Buckaroo Bob"]
[Result "0-1"]
[WhiteCountry "MEX"]
[BlackCountry "USA"]
[WhiteElo "2354"]
[WhiteRD "107"]
[BlackElo "2367"]
[BlackRD "92"]
[GameID "342585"]

1. e4 c5 2. Nf3 d6 3. d4 cxd4 4. Nxd4 Nf6 5. Nc3 a6 6. Be2 Nbd7 7. Be3 e6 8. f4 b5 9. a4 b4 10. Nc6 Qc7
11. Nxb4 d5 12. Nbxd5 exd5 13. e5 Bb4 14. exf6 Bxc3+ 15. bxc3 Qxc3+ 16. Bd2 Qxf6 17. Ra3 Rb8 18. O-O O-O 19. Rg3 Qd4+ 20. Be3 Qxd1
21. Bxd1 Re8 22. Bd4 g6 23. f5 Bb7 24. c3 Ne5 25. h4 Nc6 26. Bf6 a5 27. h5 Ne5
0-1

[Event "Capablanca Memorial"]
[Site "SchemingMind.com"]
[Date "2013.11.29"]
[Round "-"]
[White "teejaytee"]
[Black "rookie31"]
[Result "1-0"]
[WhiteCountry "ENG"]
[BlackCountry "IND"]
[WhiteElo "2513"]
[WhiteRD "106"]
[BlackElo "2079"]
[BlackRD "72"]
[GameID "342737"]

1. e4 c6 2. Nc3 d5 3. Qf3 dxe4 4. Nxe4 Nf6 5. Nxf6+ exf6 6. Bc4 Nd7 7. d4 Nb6 8. Qe4+ Qe7 9. Qxe7+ Bxe7 10. Bd3 Be6
11. Ne2 O-O 12. b3 Rad8 13. c4 Rfe8 14. h3 Nd7 15. Be3 Bb4+ 16. Bd2 Ba3 17. Rd1 Nc5 18. Bb1 Na6 19. f3 Nc7 20. g4
1-0

[Event "Capablanca Memorial"]
[Site "SchemingMind.com"]
[Date "2013.11.29"]
[Round "-"]
[White "michel"]
[Black "HanadaNo3"]
[Result "1/2-1/2"]
[WhiteCountry "CAN"]
[BlackCountry "USA"]
[WhiteElo "2203"]
[WhiteRD "61"]
[BlackElo "2452"]
[BlackRD "102"]
[GameID "342738"]

1. e4 c5 2. Nf3 d6 3. Bb5+ Bd7 4. Bxd7+ Qxd7 5. O-O Nc6 6. c3 d5 7. exd5 Qxd5 8. d4 e6 9. Be3 Nf6 10. dxc5 Rd8
11. Qb3 Bxc5 12. Bxc5 Qxc5 13. Qxb7 O-O 14. b4 Qd5 15. Nbd2 Nd4 16. Qxa7 Ne2+ 17. Kh1 Nxc3 18. Qa3 Rc8 19. Qb3 Rfd8 20. a3 Qd3
21. a4 g5 22. Rae1 Qa6 23. Rc1 Nfd5 24. a5 h6 25. Rfe1= Qb5 26. Ra1 Qxb4 27. a6 Kg7 28. h3 Rc7 29. Rec1 Ra8 30. Qxb4 Nxb4
31. Ne4 Ncd5 32. Rxc7 Nxc7 33. a7 Nca6 34. Ne5 Rxa7 35. Nc5 Rc7 36. Nxa6 Ra7 37. Nxb4 Rxa1+ 38. Kh2 Rc1 39. g3 f6 40. Ng4 Rc3
41. Kg2= h5 42. Ne3 f5 43. Nd1 Rb3 44. Nc6 Kf6 45. Ne3 Rc3 46. Nd4 Rd3 47. Ne2 e5 48. Nc1 Rd8 49. Nf1 Rc8 50. Nb3 e4
51. Nbd2 Ke5 52. Ne3 Rf8 53. g4 fxg4 54. hxg4 h4 55. Ndc4+ Kf4 56. Nd6 Rb8 57. Ndc4= Rd8 58. Nf5 Kxg4 59. Ng7 h3+ 60. Kh2 Ra8
61. Ne5+ Kf4 62. Nf7 Ra7 63. Ne6+ Kg4 64. Nh6+ Kh5 65. Nf5 Rf7 66. Ng3+ Kh4 67. Nxe4 g4 68. Kg1 Re7 69. N6c5 Ra7=
1/2-1/2

[Event "Capablanca Memorial"]
[Site "SchemingMind.com"]
[Date "2013.11.28"]
[Round "-"]
[White "rookie31"]
[Black "teejaytee"]
[Result "0-1"]
[WhiteCountry "IND"]
[BlackCountry "ENG"]
[WhiteElo "2079"]
[WhiteRD "72"]
[BlackElo "2513"]
[BlackRD "106"]
[GameID "342739"]

1. e4 d5 2. exd5 Qxd5 3. Nc3 Qa5 4. d4 Nf6 5. Nf3 c6 6. Bd2 Bf5 7. Ne4 Qc7 8. Nxf6+ gxf6 9. Nh4 Bg6 10. f4 f5
11. Bd3 e6 12. Qe2 Be7 13. Nxg6 hxg6 14. Qe5 Qxe5+ 15. dxe5 Nd7 16. O-O-O O-O-O 17. h3 Rdg8 18. Be3 g5 19. g3 gxf4 20. gxf4 Rg3
21. Bxa7 Rgxh3
0-1

[Event "Capablanca Memorial"]
[Site "SchemingMind.com"]
[Date "2013.11.30"]
[Round "-"]
[White "HanadaNo3"]
[Black "michel"]
[Result "1-0"]
[WhiteCountry "USA"]
[BlackCountry "CAN"]
[WhiteElo "2468"]
[WhiteRD "94"]
[BlackElo "2197"]
[BlackRD "56"]
[GameID "342740"]

1. e4 e5 2. Nf3 Nc6 3. d4 exd4 4. Nxd4 Bc5 5. Be3 Qf6 6. c3 Nge7 7. Bc4 b6 8. O-O Bb7 9. Nb3 Ne5 10. Nxc5 bxc5
11. Bb3 Bxe4 12. Nd2 Bd3 13. Re1 O-O 14. f4 N5g6 15. Bxc5 d6 16. Be3 Nf5 17. g3 Rae8 18. Bf2 Rxe1+ 19. Bxe1 Re8 20. Qf3 Re3
21. Qd5 Qe6 22. Bf2 Qxd5 23. Bxd5 Re2 24. Be1 a6 25. Bf3 Re6 26. Bf2 Kf8 27. a4 Nge7 28. Ra3 g6 29. Rb3 Ke8 30. c4 Be2
31. g4 Ng7 32. Bd5 Bxg4 33. Bxe6 Nxe6 34. Ne4 Bd1 35. Nf6+ Kf8 36. Rb8+ Kg7 37. Ne8+ Kh6 38. Nxc7
1-0

[Event "Capablanca Memorial"]
[Site "SchemingMind.com"]
[Date "2013.12.09"]
[Round "-"]
[White "Milan"]
[Black "HECTORBSUEIRO"]
[Result "0-1"]
[WhiteCountry "CZE"]
[BlackCountry "ARG"]
[WhiteElo "2023"]
[WhiteRD "88"]
[BlackElo "2574"]
[BlackRD "126"]
[GameID "343425"]

1. e4 c5 2. c3 Nf6 3. e5 Nd5 4. d4 cxd4 5. cxd4 d6 6. Nf3 Nc6 7. Nc3 dxe5 8. dxe5 Nxc3 9. Qxd8+ Nxd8 10. bxc3 Bd7
11. Nd4 Rc8 12. Be3 a6 13. Bd3 Rxc3 14. Kd2 Ra3 15. Nc2 Ra4 16. Nd4 g5 17. Bc2 Ra5 18. Nf3 g4
0-1

[Event "Capablanca Memorial"]
[Site "SchemingMind.com"]
[Date "2013.12.10"]
[Round "-"]
[White "HECTORBSUEIRO"]
[Black "Milan"]
[Result "1-0"]
[WhiteCountry "ARG"]
[BlackCountry "CZE"]
[WhiteElo "2470"]
[WhiteRD "119"]
[BlackElo "2032"]
[BlackRD "85"]
[GameID "343429"]

1. d4 d5 2. c4 e6 3. Nf3 Nf6 4. Nc3 c6 5. Bg5 Nbd7 6. e3 Qa5 7. cxd5 Nxd5 8. Qd2 Bb4 9. Rc1 h6 10. Bh4 c5
11. Be2 cxd4 12. Nxd4 O-O 13. Nb3 Qb6 14. O-O Nxc3 15. bxc3 Ba3 16. Rb1 Qc7 17. Rfd1 e5 18. c4 Re8 19. Qd3 Nc5 20. Nxc5 Bxc5
21. Bf3 Be7 22. Bxe7 Qxe7 23. Bd5 Rb8 24. a4 Qc7 25. Qa3 Bg4 26. f3 Be6 27. a5 Red8 28. e4 Rdc8 29. Rb5 b6 30. Bxe6 fxe6
31. Qd6 Qxc4 32. Qxe5 Rd8 33. Rdb1 Rb7 34. h4 Qc6 35. Kh2 Qd6 36. Qxd6 Rxd6 37. g4 Rd3 38. Kg3 Rf7 39. Rf1 bxa5 40. Rxa5 Kh7
41. Ra6 e5 42. Re6 a5 43. g5 hxg5 44. hxg5 Rf8 45. Rxe5 Ra8 46. Rc1 a4 47. Rc7 Kh8 48. Ree7 Rf8 49. Kg4 Rdxf3 50. Kh5
1-0

[Event "Capablanca Memorial"]
[Site "SchemingMind.com"]
[Date "2013.12.14"]
[Round "-"]
[White "PunditX"]
[Black "Ilang"]
[Result "1/2-1/2"]
[WhiteCountry "PHI"]
[BlackCountry "HUN"]
[WhiteElo "2554"]
[WhiteRD "70"]
[BlackElo "2357"]
[BlackRD "67"]
[GameID "343736"]

1. e4 c5 2. Nf3 d6 3. d4 cxd4 4. Nxd4 Nf6 5. Nc3 a6 6. Be3 e5 7. Nb3 Be6 8. f3 h5 9. Be2 Nbd7 10. Nd5 Bxd5
11. exd5 g6 12. Qd2 Bg7 13. O-O b6 14. c4 O-O 15. Rac1 Re8 16. Rce1 Nh7 17. Bd3 f5 18. a4 a5 19. Nc1 Bf6 20. Ne2 Nc5
21. Bc2 Bh4 22. g3 Bg5 23. f4 Bh6 24. Nc3 Ra7 25. Qf2 Nf6 26. h3 Rae7 27. Kh1 exf4 28. gxf4 Kh7 29. Rg1 h4 30. Re2 Nh5
31. Rxg6 Kxg6 32. Qxh4 Ng7 33. Rg2+ Kh7 34. Qf6 Rxe3 35. Qg6+ Kg8 36. Qxh6 R8e7 37. Bxf5 Rf7 38. Be6 Qf8 39. Bxf7+ Qxf7 40. Nb5 Rf3
41. Rg4 Qe7 42. Nd4 Rf2 43. Ne6=
1/2-1/2

[Event "Capablanca Memorial"]
[Site "SchemingMind.com"]
[Date "2013.12.15"]
[Round "-"]
[White "Ilang"]
[Black "PunditX"]
[Result "1/2-1/2"]
[WhiteCountry "HUN"]
[BlackCountry "PHI"]
[WhiteElo "2357"]
[WhiteRD "67"]
[BlackElo "2554"]
[BlackRD "70"]
[GameID "343739"]

1. d4 d5 2. c4 c6 3. Nf3 Nf6 4. e3 e6 5. Bd3 Nbd7 6. O-O dxc4 7. Bxc4 Bd6 8. b3 e5 9. Qc2 O-O 10. Nbd2 exd4
11. Nxd4 Ne5 12. Bb2 Bg4 13. h3 Bh5 14. Nf5 Bg6 15. Rad1 Qd7 16. e4 Bxf5 17. exf5 Rfe8 18. Be2 Qc7 19. Rfe1 Rad8 20. Nc4 Nxc4
21. Bxc4 Rxe1+ 22. Rxe1 a6 23. a3 Re8 24. Rxe8+ Nxe8 25. Qe2 Kf8 26. Kf1 Be7 27. a4 Bf6 28. Bc1 h6 29. Bd2 Nd6 30. Bf4 Qd8
31. Bd3 Ne8 32. Bc2 Nc7 33. g4 Nd5 34. Bg3 Nc3 35. Qd3 Qxd3+=
1/2-1/2

[Event "Capablanca Memorial"]
[Site "SchemingMind.com"]
[Date "2013.12.16"]
[Round "-"]
[White "sibelius"]
[Black "BlackRussian"]
[Result "1-0"]
[WhiteCountry "USA"]
[BlackCountry "GBR"]
[WhiteElo "2254"]
[WhiteRD "80"]
[BlackElo "2153"]
[BlackRD "80"]
[GameID "343883"]

1. d4 Nf6 2. Nc3 d5 3. Bg5 e6 4. e4 dxe4 5. Nxe4 Be7 6. Bxf6 Bxf6 7. Nf3 Nc6 8. c3 Be7 9. Bc4 O-O 10. O-O Na5
11. Bd3 Nc6 12. Re1 Qd5 13. Qc2 a6 14. a4 g6 15. Qe2 Qd8 16. Rad1 Nb8 17. Qe3 Nd7 18. Qh6 Re8 19. Nfg5 Bxg5 20. Nxg5 Nf6
21. Re4 Re7 22. Rf4 Rd7 23. h4 Qe7 24. h5 Rd5 25. hxg6 fxg6 26. Re1 Bd7 27. c4 Rxg5 28. Qxg5 Rf8 29. Re3 Kg7 30. Rh3 Be8
31. Rfh4
1-0

[Event "Capablanca Memorial"]
[Site "SchemingMind.com"]
[Date "2013.12.16"]
[Round "-"]
[White "BlackRussian"]
[Black "sibelius"]
[Result "1/2-1/2"]
[WhiteCountry "GBR"]
[BlackCountry "USA"]
[WhiteElo "2153"]
[WhiteRD "80"]
[BlackElo "2254"]
[BlackRD "80"]
[GameID "343889"]

1. e4 c5 2. Nf3 e6 3. d4 cxd4 4. Nxd4 Nf6 5. Nc3 Nc6 6. Be3 Bb4 7. Nxc6 bxc6 8. Bd3 d5 9. e5 d4 10. exf6 dxe3
11. fxg7 exf2+ 12. Kxf2 Qd4+ 13. Kf1 Qxg7 14. Qf3 Bb7 15. a3 Bc5 16. g3 h5 17. Kg2 h4 18. Rhd1 hxg3 19. hxg3 O-O-O 20. Ba6 Bxa6
21. Qxc6+ Kb8 22. Qxa6 Rdg8 23. Qd3 f5 24. Qf3 Rh4 25. Rh1 Rg4 26. Rh3 Qc7 27. Rd1 Bb6 28. Rd2 f4 29. Ne4 Be3 30. Re2 Qc6
31. c3 e5 32. b4 Qe6 33. Re1 Bb6 34. Re2 R4g7 35. Rd2 Be3 36. Re2=
1/2-1/2

[Event "Capablanca Memorial"]
[Site "SchemingMind.com"]
[Date "2013.12.23"]
[Round "-"]
[White "littleboo"]
[Black "Glenn O'Brien"]
[Result "1-0"]
[WhiteCountry "USA"]
[BlackCountry "AUS"]
[WhiteElo "2273"]
[WhiteRD "82"]
[BlackElo "1990"]
[BlackRD "77"]
[GameID "344232"]

1. e4 e5 2. Nf3 Nc6 3. Bc4 Nf6 4. Ng5 d5 5. exd5 Na5 6. Bb5+ c6 7. dxc6 bxc6 8. Qf3 Rb8 9. Bd3 h6 10. Ne4 Nd5
11. a3 Nf4 12. Bf1 Qd4 13. Nbc3 Be7 14. d3 f5 15. Ng3 O-O 16. Nge2 Nxe2 17. Bxe2 Bg5 18. Be3 Bxe3 19. fxe3 Qc5 20. Rd1 Rxb2
21. Na4 Qxc2 22. Nxb2 Qxb2 23. O-O Qxa3 24. d4 e4 25. Qf2 Be6 26. Ra1 Qc3 27. Rfc1 Qb2 28. Qe1 Nb3 29. Rab1 Qd2 30. Qxd2 Nxd2
31. Rb2 Nb3 32. Rxc6 Bf7 33. Rc3 a5 34. Rcxb3 Bxb3 35. Rxb3 Ra8 36. g4 g6 37. Bc4+ Kh8 38. gxf5 gxf5 39. Be6 a4 40. Ra3 Rf8
41. Rxa4 Kg7 42. Ra5 Kg6 43. Kf2 h5 44. Kg3 f4+ 45. exf4 Rd8 46. Rg5+ Kf6 47. d5 Ra8 48. Rxh5 Ra3+ 49. Kg4 Ra2 50. Rf5+ Ke7
51. Rf7+ Kd6 52. Rd7+ Kc5 53. Rc7+ Kb6 54. Rc6+ Kb5 55. h4 Rg2+ 56. Kf5 e3 57. Rc1 Rd2 58. Re1 Rg2 59. d6 Rd2 60. d7
1-0